000 00349nam a2200157Ia 4500
008 210210b1920 xxu||||| |||| 00| 0 eng d
041 _aeng
082 _a335/139
100 _aHERRICK (M T)
245 _aRural credits
260 _aNew York
_b-
_c1920
650 _aRural
650 _acredits
690 _aIndian Economics
906 _a004482
999 _c125634
_d125634